000 01491nam a2200385 i 4500
001 768714001
003 CO-MdFUSB
005 20260417113220.0
007 ta
008 241119t2010 -us||||| b||| 001 0 spa d
020 _a9780829755596
040 _bspa.
_aCO-MdFUSB
_cCO-MdFUSB
_dCO-MdFUSBC
_erda
041 _aspa
_heng
082 _223
_a248.4
_bH992
100 _a Hybels, Bill
_eautor
240 _aPower of a Whisper.
245 3 _aLa apacible y poderosa voz de Dios
_c/ Bill Hybels ; traducido por Marcela Robaina
264 1 _aMiami, Florida :
_bVida,
_c[2010]
264 4 _c©2010
300 _a240 páginas
_c; 23 cm
336 _2rdacontent
_atexto
_btxt
337 _2rdamedia
_asin mediación
_bn
338 _2rdacarrier
_avolumen
_bnc
500 _aIncluye índice.
505 _aEl oído de Samuel. -- Un Dios que se comunica. -- Infinidad de pruebas. -- Cómo reconocer la voz de Dios. -- Los mensajes de Dios por escrito. -- Luz para las noches oscuras del alma. -- Mandatos para los padres. -- Cuando Dios habla a través de otras personas. -- Mensajes que cambian el mundo. -- Basta con que digas una sola palabra.
563 _aRústica
650 0 _aVida cristiana
_919
653 _aVida cristiana — Enseñanza bíblica
653 _aCrecimiento espiritual
653 _aDios — Voluntad
653 _aDiscernimiento espiritual
700 _aRobaina, Marcela,
_98649
_etraductor
942 _cBK
945 _aCatherine Arias Alvarez
999 _c71240
_d71240